000 00937nam a22002657a 4500
001 6835
003 FISKH
005 20250530084930.0
008 250530b cb ||||| |||| 00| 0 eng d
040 _aFISKH
_beng
_cFISKH
_dFISKH
050 _aPZ7.R355 D
082 _a281
100 _aRicci, Christine
245 _aDora's mystery of the missing shoes /
_cby Christine Ricci ; illustrated by Steven Savitsky
260 _aNew York :
_bSimon Spotlight,
_c2007.
300 _a24 unnumbered pages :
_bcolor illustrations ;
_c23 cm
505 _aG
520 _aDora is missing her sneaker. Swiper is missing his skate. Where did all of the shoes go? Help Dora and her friends solve the mystery of the missing shoes!
521 8 _a300
_bLexile
521 8 _aG
_bRaz-Plus
650 _aDora the Explorer
_vAdventure
_xMulticultural
700 _aSavitsky, Steven
_eillustrator
942 _2ddc
_cBK
_n0
999 _c6835
_d6835